Verifikacia základných technických parametrov mobilných pracovných strojov

Bibliographic Details
Main Author: Gulan, Ladislav, 1956- (Author)
Format: Article
Language:Slovak

MARC

LEADER 00000nab a2200000ua 4500
001 vtls010766250
003 SK-MaSNL
005 20260304200223.0
008 250718s2008 xo |||||||||||||||||slo|
035 |a (urnnbn)urn:nbn:sk:snk:ar-a04gi2 
035 |a (uuid)bc3b4300-d3f0-4b31-bdf2-a7820439f13b 
035 |a urn:nbn:sk:snk-ab4rum 
040 |a SNKBUCL  |b slo  |c SNKBUCL  |e AACR2 
041 0 |a slo 
044 |a xo  |c SK 
100 1 |a Gulan, Ladislav,  |d 1956-  |4 aut  |9 120025 
245 1 0 |a Verifikacia základných technických parametrov mobilných pracovných strojov  |c Ladislav Gulan 
773 0 |t Magazín stavebné stroje a mechanizácia  |g Roč. 3, č. 5 (2008), s. 32-33 
850 |a Slovenská národná knižnica 
852 |a Slovenská národná knižnica 
954 |a odborná, vedecká literatúra pôvodná (slovenská)  |2 lita 
958 |a article3 
958 |a OND 
958 |a EUIPO 
999 |c 3086422  |d 3088352